Sports Quiz

Random Sports or NFL Quiz
Score 0/50 Timer 20:00
0 Plays Today
Year Player % Correct
1990Warren Moon
97.4%
1991Warren Moon
97.4%
1993Warren Moon
97.4%
1994Warren Moon
97.4%
1995Warren Moon
97.4%
1997Warren Moon
97.4%
1990Joe Montana
94.7%
1990Dan Marino
94.7%
1990John Elway
94.7%
1991Dan Marino
94.7%
1991Jim Kelly
94.7%
1992Steve Young
94.7%
1992Dan Marino
94.7%
1992Jim Kelly
94.7%
1992Troy Aikman
94.7%
1993John Elway
94.7%
1993Steve Young
94.7%
1993Jim Kelly
94.7%
1994Dan Marino
94.7%
1994Steve Young
94.7%
1994Brett Favre
94.7%
1995Brett Favre
94.7%
1996Brett Favre
94.7%
1997Brett Favre
94.7%
1997Dan Marino
94.7%
Year Player % Correct
1998Brett Favre
94.7%
1998Steve Young
94.7%
1999Brett Favre
94.7%
1994Drew Bledsoe
92.1%
1996Drew Bledsoe
92.1%
1997Drew Bledsoe
92.1%
1998Peyton Manning
92.1%
1999Kurt Warner
92.1%
1999Peyton Manning
92.1%
1996Mark Brunell
89.5%
1990Jim Everett
78.9%
1991Bernie Kosar
78.9%
1993Boomer Esiason
78.9%
1995Jim Everett
78.9%
1991Mark Rypien
76.3%
1996Vinny Testaverde
76.3%
1995Scott Mitchell
65.8%
1998Randall Cunningham
65.8%
1992Stan Humphries
60.5%
1999Steve Beuerlein
60.5%
1998Jake Plummer
57.9%
1995Jeff George
55.3%
1997Jeff George
55.3%
1996Jeff Blake
52.6%
1999Brad Johnson
47.4%
Come Together.
Have Fun.
All Virtual.
We all need to come together. Play Sporcle's virtual live trivia to have fun, connect with people, and get your trivia on. Join a live hosted trivia game for your favorite pub trivia experience done virtually. If a virtual private party is more your thing, go here for details.

You're not logged in!

Compare scores with friends on all Sporcle quizzes.
OR
Log In

Sporcle TV

Today on Sporcle TV


Watch our educational content, quiz creation guides, and fun videos on Sporcle TV.

Show Comments

Extras

Created Feb 18, 2020ReportNominate
Tags:NFL Quiz

Top Quizzes Today


Score Distribution

Paid Content

Your Account Isn't Verified!

In order to create a playlist on Sporcle, you need to verify the email address you used during registration. Go to your Sporcle Settings to finish the process.

Report this User

Report this user for behavior that violates our Community Guidelines.

Details: